Biggest Cities in Algeria - Statistics

General Stats
  • This quiz has been taken 54 times
    53 since last reset
  • The average score is 5 of 10
Answer Stats
Population Answer % Correct
2,254,000 Algiers
100%
646,000 Oran
97%
450,000 Constantine
88%
207,000 Annaba
63%
288,000 Setif
47%
308,000 Biskra
44%
281,000 Batna
41%
192,000 Sidi Bel Abbes
34%
634,000 Tebessa
19%
786,000 Boumerdas
0%
No matching quizzes found
Score Distribution
Percent of People with Each Score
Percentile by Number Answered
Your Score History
You have not taken this quiz since the last reset